[Event "Gibraltar Challengers-B 10th"]
[Site "Caleta"]
[Date "2012.01.30"]
[Round "3"]
[White "Taylor Bowd, Philip J"]
[Black "Gravett, Alan David"]
[Result "1-0"]
[WhiteElo "2031"]
[BlackElo "1931"]
[PlyCount "42"]
[EventDate "2012.01.28"]
[EventType "swiss"]
[EventRounds "5"]
[EventCountry "GGB"]
[SourceTitle "CBM 146 Extra"]
[Source "ChessBase"]
[SourceDate "2012.02.29"]
[SourceVersion "1"]
[SourceVersionDate "2012.02.29"]
[SourceQuality "1"]

1. e4 c5 2. Nc3 d6 3. f4 Nc6 4. Nf3 g6 5. Bb5 Bd7 6. Bc4 e6 7. 0-0 Nge7 8. Qe1 Nd4 9. Nxd4 cxd4 10. Nd1 b5 11. Bb3 Qb6 12. d3 0-0-0 13. a4 h5 14. Bd2 Qb7 15. Nf2 h4 16. axb5 Bh6 17. Ra3 f5 18. Qa1 Kb8 19. Qa2 e5 20. Ra1 Nc8 21. Bd5 Qxd5 1-0

[Event "Arctic Chess Challenge"]
[Site "Tromsoe"]
[Date "2010.08.08"]
[Round "9"]
[White "Taylor Bowd, Philip J"]
[Black "Tocklin, Tomi"]
[Result "1/2-1/2"]
[WhiteElo "2046"]
[BlackElo "1885"]
[PlyCount "44"]
[EventDate "2010.07.31"]
[EventType "swiss"]
[EventRounds "9"]
[EventCountry "NOR"]
[SourceTitle "CBM 137 Extra"]
[Source "ChessBase"]
[SourceDate "2010.09.01"]
[SourceVersion "1"]
[SourceVersionDate "2010.09.01"]
[SourceQuality "1"]

1. e4 c6 2. d4 d5 3. exd5 cxd5 4. c4 Nf6 5. Nc3 e6 6. Nf3 Be7 7. cxd5 Nxd5 8. Bd3 Nc6 9. 0-0 0-0 10. Re1 Bf6 11. a3 Nxc3 12. bxc3 b6 13. h4 Bxh4 14. Nxh4 Qxh4 15. Re3 g6 16. Rg3 Qf6 17. Bh6 Re8 18. Bg5 Qg7 19. Qf3 Bb7 20. Be4 Rac8 21. Bf6 Qf8 22. Rb1 Ba8 1/2-1/2

[Event "Arctic Chess Challenge"]
[Site "Tromsoe"]
[Date "2010.08.03"]
[Round "4"]
[White "Taylor Bowd, Philip J"]
[Black "Hegelund, Ole Jakob"]
[Result "1-0"]
[WhiteElo "2046"]
[BlackElo "1689"]
[PlyCount "65"]
[EventDate "2010.07.31"]
[EventType "swiss"]
[EventRounds "9"]
[EventCountry "NOR"]
[SourceTitle "CBM 137 Extra"]
[Source "ChessBase"]
[SourceDate "2010.09.01"]
[SourceVersion "1"]
[SourceVersionDate "2010.09.01"]
[SourceQuality "1"]

1. e4 e6 2. d4 d5 3. Nd2 Nf6 4. e5 Nfd7 5. Bd3 c5 6. c3 Nc6 7. Ne2 cxd4 8. cxd4 a5 9. 0-0 Qb6 10. Nf3 Be7 11. Re1 Nf8 12. Be3 a4 13. Nc3 Qxb2 14. Nb5 Kd7 15. Rb1 Qxa2 16. Re2 Qxe2 17. Bxe2 a3 18. Bd2 f6 19. Qb3 Ng6 20. Ra1 b6 21. exf6 gxf6 22. Nxa3 Ba6 23. Bxa6 Rxa6 24. Nc2 Rxa1+ 25. Nxa1 Kc7 26. Nc2 Na5 27. Bxa5 bxa5 28. Qb5 Ra8 29. Qa4 Kd6 30. g3 Bd8 31. Na3 Rc8 32. Nb5+ Ke7 33. Qa3+ 1-0

[Event "BCF-chT2a 0809 (4NCL)"]
[Site "Hinckley Island"]
[Date "2008.12.07"]
[Round "4.4"]
[White "Taylor Bowd, Philip J"]
[Black "Bucknell, Malcolm Gordon"]
[Result "1-0"]
[WhiteElo "2037"]
[BlackElo "2175"]
[PlyCount "71"]
[EventDate "2008.10.04"]
[EventType "team-tourn"]
[EventRounds "7"]
[EventCountry "ENG"]
[SourceTitle "EXT 2010"]
[Source "ChessBase"]
[SourceDate "2010.11.25"]
[SourceVersion "1"]
[SourceVersionDate "2010.11.25"]
[SourceQuality "1"]
[WhiteTeam "Wessex II"]
[BlackTeam "Anglian Avengers"]
[WhiteTeamCountry "ENG"]
[BlackTeamCountry "ENG"]

1. e4 c6 2. d4 d5 3. exd5 cxd5 4. c4 Nf6 5. Nc3 Nc6 6. Nf3 Bg4 7. cxd5 Nxd5 8. Qb3 Bxf3 9. gxf3 Nb6 10. Be3 e6 11. 0-0-0 Rc8 12. Kb1 Be7 13. d5 Nxd5 14. Nxd5 exd5 15. Bh3 0-0 16. Bxc8 Qxc8 17. Rxd5 Qe6 18. Rc1 b6 19. Rdd1 Qg6+ 20. Qc2 Qxc2+ 21. Rxc2 Ne5 22. Rc7 Bf6 23. f4 Nf3 24. h3 Ra8 25. Rdd7 h5 26. Rxf7 Ng1 27. Rxa7 Re8 28. Rfb7 Nxh3 29. Rxb6 h4 30. Rab7 Rxe3 31. fxe3 Nf2 32. Rc6 h3 33. Rc1 h2 34. a4 Bh4 35. a5 Nd3 36. Rh1 1-0

[Event "Andorra op 26th"]
[Site "La Massana"]
[Date "2008.07.19"]
[Round "1"]
[White "Marin, Mihail"]
[Black "Taylor Bowd, Philip J"]
[Result "1-0"]
[WhiteElo "2553"]
[BlackElo "2058"]
[PlyCount "35"]
[EventDate "2008.07.19"]
[EventType "swiss"]
[EventRounds "9"]
[EventCountry "AND"]
[SourceTitle "CBM 125 Extra"]
[Source "ChessBase"]
[SourceDate "2008.09.01"]
[SourceVersion "1"]
[SourceVersionDate "2008.09.01"]
[SourceQuality "1"]

1. d4 d5 2. c4 dxc4 3. e3 Nf6 4. Bxc4 e6 5. Nf3 c5 6. 0-0 a6 7. Nc3 b5 8. Bb3 Bb7 9. e4 b4 10. Ba4+ Nfd7 11. d5 bxc3 12. Qb3 Ra7 13. dxe6 fxe6 14. Qxe6+ Be7 15. Ne5 Rf8 16. Bg5 cxb2 17. Rad1 Bc8 18. Nc4 1-0

[Event "BCF-chT3 0708 (4NCL)"]
[Site "Sunningdale"]
[Date "2008.05.05"]
[Round "11.5"]
[White "Freeman, Richard"]
[Black "Taylor Bowd, Philip J"]
[Result "0-1"]
[WhiteElo "2088"]
[BlackElo "2048"]
[PlyCount "92"]
[EventDate "2007.09.15"]
[EventType "team-tourn"]
[EventRounds "11"]
[EventCountry "ENG"]
[SourceTitle "EXT 2023"]
[Source "ChessBase"]
[SourceDate "2022.10.05"]
[SourceVersion "1"]
[SourceVersionDate "2022.10.05"]
[SourceQuality "1"]
[WhiteTeam "FCA Solutions"]
[BlackTeam "Wessex II"]
[WhiteTeamCountry "ENG"]
[BlackTeamCountry "ENG"]

1. e4 c6 2. d4 d5 3. f3 g6 4. Nc3 Bg7 5. Be3 Qb6 6. Qd2 Qxb2 7. Rb1 Qa3 8. Rb3 Qa5 9. exd5 Nf6 10. dxc6 bxc6 11. Bc4 Nbd7 12. Rb1 Nb6 13. Bb3 Ba6 14. Nge2 Nc4 15. Bxc4 Bxc4 16. Kf2 0-0 17. Nc1 Rad8 18. Nb3 Qf5 19. h3 e5 20. g4 Qc8 21. Qc1 Bxb3 22. dxe5 Nd5 23. cxb3 Nb4 24. Qa3 Nd3+ 25. Kg2 Bxe5 26. Ne4 f5 27. Nc5 Nf4+ 28. Kf2 Nd5 29. Nd3 Bb8 30. Bxa7 Nc3 31. Bc5 Nxb1 32. Rxb1 Rxd3 33. Bxf8 Qxf8 34. Qxf8+ Kxf8 35. Ke2 Rc3 36. a4 Ba7 37. gxf5 gxf5 38. b4 Kf7 39. b5 cxb5 40. Rxb5 Kg6 41. Rb7 Be3 42. Rd7 f4 43. Rd6+ Kg5 44. Rd5+ Kh4 45. a5 Rc2+ 46. Ke1 Kg3 0-1

[Event "Guernsey op 32nd"]
[Site "Grand Harve Bay"]
[Date "2006.10.21"]
[Round "7"]
[White "Taylor Bowd, Philip J"]
[Black "Dennis, Nigel W"]
[Result "1/2-1/2"]
[WhiteElo "2082"]
[BlackElo "2020"]
[PlyCount "57"]
[EventDate "2006.10.15"]
[EventType "swiss"]
[EventRounds "7"]
[EventCountry "GCI"]
[SourceTitle "EXT 2007"]
[Source "ChessBase"]
[SourceDate "2006.11.23"]
[SourceVersion "1"]
[SourceVersionDate "2006.11.23"]
[SourceQuality "1"]

1. e4 c5 2. Nf3 e6 3. d4 cxd4 4. Nxd4 Nf6 5. Nc3 d6 6. Be2 a6 7. a4 Be7 8. 0-0 Qc7 9. f4 0-0 10. Kh1 Nc6 11. Be3 Bd7 12. Nb3 Na5 13. e5 Ne8 14. Nxa5 Qxa5 15. Ne4 Qc7 16. Bd4 d5 17. Ng5 f6 18. exf6 gxf6 19. Nxh7 Rf7 20. Bd3 Rxh7 21. Bxh7+ Kxh7 22. Qh5+ Kg8 23. Rf3 Ng7 24. Qg6 Be8 25. Qd3 Rc8 26. c3 Qc4 27. Qxc4 Rxc4 28. b3 Rc8 29. g4 1/2-1/2

[Event "Guernsey op 32nd"]
[Site "Grand Harve Bay"]
[Date "2006.10.19"]
[Round "5"]
[White "Taylor Bowd, Philip J"]
[Black "Twitchell, David J"]
[Result "1/2-1/2"]
[WhiteElo "2082"]
[BlackElo "2013"]
[PlyCount "119"]
[EventDate "2006.10.15"]
[EventType "swiss"]
[EventRounds "7"]
[EventCountry "GCI"]
[SourceTitle "EXT 2007"]
[Source "ChessBase"]
[SourceDate "2006.11.23"]
[SourceVersion "1"]
[SourceVersionDate "2006.11.23"]
[SourceQuality "1"]

1. d4 d5 2. c4 c5 3. e3 Nf6 4. Nc3 e6 5. Nf3 Nc6 6. a3 cxd4 7. exd4 Be7 8. Bd3 0-0 9. 0-0 a6 10. c5 b6 11. b4 a5 12. b5 Nxd4 13. Nxd4 Bxc5 14. Nf3 Qc7 15. Bb2 e5 16. Be2 d4 17. Na4 Bb7 18. Nxc5 bxc5 19. Rc1 Qd6 20. Re1 Rad8 21. Nxe5 Qxe5 22. Bf3 Bxf3 23. Rxe5 Bxd1 24. Rxd1 Rd5 25. Re7 Re8 26. Ra7 c4 27. g4 Rxb5 28. Bxd4 Rd5 29. Rc7 Nxg4 30. Rxc4 f6 31. Rb1 Ne5 32. Bxe5 Rdxe5 33. Rb7 Kf8 34. Ra7 R8e7 35. Ra8+ Kf7 36. Rc6 Rg5+ 37. Kf1 Rh5 38. a4 Ree5 39. Rc7+ Re7 40. Rc6 Rf5 41. Rca6 Ree5 42. R8a7+ Kg6 43. Rb6 h5 44. Rbb7 Kg5 45. Rxg7+ Kf4 46. Ra6 Re4 47. Rg6 Rxa4 48. Rgxf6 Ra2 49. Rxf5+ Kxf5 50. Kg2 Kf4 51. Rh6 Kg5 52. Ra6 Ra3 53. Ra8 Ra4 54. Rg8+ Kf5 55. Ra8 h4 56. h3 Ke4 57. Rh8 Kd3 58. Ra8 Kc3 59. f4 Rxf4 60. Rxa5 1/2-1/2

[Event "BCF-chT3 0506 (4NCL)"]
[Site "Birmingham"]
[Date "2006.04.30"]
[Round "10.2"]
[White "Taylor Bowd, Philip J"]
[Black "Richards, Heather"]
[Result "1/2-1/2"]
[WhiteElo "2063"]
[BlackElo "2235"]
[PlyCount "43"]
[EventDate "2005.10.22"]
[EventType "team"]
[EventRounds "11"]
[EventCountry "ENG"]
[SourceTitle "EXT 2007"]
[Source "ChessBase"]
[SourceDate "2006.11.23"]
[SourceVersion "1"]
[SourceVersionDate "2006.11.23"]
[SourceQuality "1"]
[WhiteTeam "Wessex II"]
[BlackTeam "Mindsports"]
[WhiteTeamCountry "ENG"]
[BlackTeamCountry "ENG"]

1. e4 e6 2. d4 d5 3. Nd2 Be7 4. Bd3 c5 5. dxc5 Nf6 6. Qe2 0-0 7. Ngf3 a5 8. 0-0 Na6 9. e5 Nd7 10. c4 Naxc5 11. Bc2 b6 12. Rd1 Qc7 13. cxd5 exd5 14. Nb3 Ba6 15. Qe1 Ne6 16. Bf5 a4 17. Nbd4 Ndc5 18. Be3 Bc8 19. Rac1 Re8 20. Bb1 f6 21. exf6 Bxf6 22. Qd2 1/2-1/2

[Event "BCF-chT3 0506 (4NCL)"]
[Site "Birmingham"]
[Date "2006.01.15"]
[Round "6.6"]
[White "Taylor Bowd, Philip J"]
[Black "Jeffries, Majid"]
[Result "1-0"]
[WhiteElo "2063"]
[BlackElo "2026"]
[PlyCount "61"]
[EventDate "2005.10.22"]
[EventType "team"]
[EventRounds "11"]
[EventCountry "ENG"]
[SourceTitle "EXT 2007"]
[Source "ChessBase"]
[SourceDate "2006.11.23"]
[SourceVersion "1"]
[SourceVersionDate "2006.11.23"]
[SourceQuality "1"]
[WhiteTeam "Wessex II"]
[BlackTeam "Poisoned Pawns II"]
[WhiteTeamCountry "ENG"]
[BlackTeamCountry "ENG"]

1. e4 c5 2. Nf3 d6 3. d4 cxd4 4. Nxd4 Nf6 5. Nc3 Nc6 6. Bg5 e6 7. Qd2 a6 8. 0-0-0 Bd7 9. Be2 h6 10. Nxc6 Bxc6 11. Bxf6 Qxf6 12. f4 Be7 13. Bf3 0-0 14. h4 Rfe8 15. g4 g5 16. hxg5 hxg5 17. Ne2 Bf8 18. Rh5 Bg7 19. c3 gxf4 20. g5 Qe7 21. Qxf4 Rad8 22. Rdh1 f5 23. gxf6 Qxf6 24. Qg3 Rf8 25. Bg2 Be8 26. Rh8+ Kf7 27. Rxf8+ Kxf8 28. Rf1 Bh6+ 29. Kc2 Qxf1 30. Bxf1 e5 31. Qh4 1-0

[Event "Paignton op"]
[Site "Paignton"]
[Date "2005.09.08"]
[Round "5"]
[White "Crombleholme, Alan K"]
[Black "Taylor Bowd, Philip J"]
[Result "1/2-1/2"]
[WhiteElo "2117"]
[BlackElo "2054"]
[PlyCount "146"]
[EventDate "2005.09.04"]
[EventType "swiss"]
[EventRounds "7"]
[EventCountry "ENG"]
[SourceTitle "EXT 2007"]
[Source "ChessBase"]
[SourceDate "2006.11.23"]
[SourceVersion "1"]
[SourceVersionDate "2006.11.23"]
[SourceQuality "1"]

1. d4 d5 2. Nf3 Nf6 3. c4 c6 4. Nc3 a6 5. e3 b5 6. cxb5 cxb5 7. Bd3 e6 8. 0-0 Bb7 9. Bd2 Nbd7 10. Qb1 Be7 11. Rc1 0-0 12. Be1 Qb8 13. Ne2 Bd6 14. a4 bxa4 15. Rxa4 Rc8 16. Bb4 Rxc1+ 17. Qxc1 e5 18. Bxd6 Qxd6 19. dxe5 Nxe5 20. Nxe5 Qxe5 21. Qc3 Qxc3 22. Nxc3 a5 23. f3 Kf8 24. Bb5 Ke7 25. Kf2 Kd6 26. Ke2 Kc5 27. Kd3 h6 28. Rf4 Ba6 29. Bxa6 Rxa6 30. Ra4 Kb6 31. Kd4 Ra7 32. h4 Rd7 33. g4 Rd8 34. b3 Rd7 35. g5 hxg5 36. hxg5 Ne8 37. Nxd5+ Kb5 38. Rc4 f6 39. Rc5+ Ka6 40. gxf6 gxf6 41. Rc6+ Kb7 42. Kc5 f5 43. Rb6+ Ka7 44. Re6 Nc7 45. Nxc7 Rxc7+ 46. Kb5 Rc3 47. Re7+ Kb8 48. Ka4 f4 49. exf4 Rxf3 50. Rf7 Kc8 51. f5 Kd8 52. f6 Ke8 53. Re7+ Kd8 54. Re6 Rf5 55. Ra6 Kc8 56. Ra8+ Kb7 57. Rf8 Ka7 58. Ka3 Rf2 59. f7 Kb7 60. Ka4 Rf5 61. Re8 Rxf7 62. Re5 Rf6 63. Kxa5 Ra6+ 64. Kb4 Rb6+ 65. Rb5 Kc6 66. Rxb6+ Kxb6 67. Kc4 Kc6 68. b4 Kb6 69. b5 Kb7 70. Kc5 Kc7 71. b6+ Kb7 72. Kb5 Kb8 73. Kc6 Kc8 1/2-1/2

[Event "Paignton op"]
[Site "Paignton"]
[Date "2005.09.07"]
[Round "4"]
[White "Taylor Bowd, Philip J"]
[Black "Gregory, Keith D"]
[Result "1/2-1/2"]
[WhiteElo "2054"]
[BlackElo "2099"]
[PlyCount "29"]
[EventDate "2005.09.04"]
[EventType "swiss"]
[EventRounds "7"]
[EventCountry "ENG"]
[SourceTitle "EXT 2007"]
[Source "ChessBase"]
[SourceDate "2006.11.23"]
[SourceVersion "1"]
[SourceVersionDate "2006.11.23"]
[SourceQuality "1"]

1. e4 d6 2. d4 Nf6 3. Nc3 g6 4. Nf3 Bg7 5. h3 0-0 6. Be3 c6 7. a4 a5 8. Be2 Na6 9. 0-0 Qc7 10. Qd2 Nb4 11. Rfd1 Rd8 12. Rac1 b6 13. Nh2 Bb7 14. Ng4 Rab8 15. Bf3 1/2-1/2

[Event "Dortmund op-A"]
[Site "Dortmund"]
[Date "2005.07.09"]
[Round "2"]
[White "Trella, Thomas"]
[Black "Taylor Bowd, Philip J"]
[Result "1-0"]
[WhiteElo "2266"]
[BlackElo "2054"]
[PlyCount "87"]
[EventDate "2005.07.08"]
[EventType "swiss"]
[EventRounds "9"]
[EventCountry "GER"]
[SourceTitle "CBM 107 Extra"]
[Source "ChessBase"]
[SourceDate "2005.09.01"]
[SourceVersion "1"]
[SourceVersionDate "2005.09.01"]
[SourceQuality "1"]

1. e4 c6 2. d4 d5 3. Nd2 dxe4 4. Nxe4 Bf5 5. Ng3 Bg6 6. h4 h6 7. Nf3 Nd7 8. h5 Bh7 9. Bd3 Bxd3 10. Qxd3 e6 11. Bf4 Qa5+ 12. Bd2 Qc7 13. 0-0-0 Ngf6 14. Ne4 0-0-0 15. g3 Nxe4 16. Qxe4 Bd6 17. Qe2 Rhe8 18. Rhe1 Kb8 19. Ne5 Nxe5 20. dxe5 Bf8 21. f4 Qb6 22. g4 Qb5 23. Qxb5 cxb5 24. Be3 b6 25. f5 Kc7 26. Bf4 Rxd1+ 27. Rxd1 Rd8 28. Rxd8 Kxd8 29. Kd2 Kd7 30. Kd3 Kc6 31. Ke4 Kd7 32. Bd2 Ke8 33. a3 Kd7 34. Kf4 Be7 35. Kf3 Ke8 36. Ke4 Kd7 37. f6 Bf8 38. fxg7 Bxg7 39. g5 hxg5 40. Bxg5 Ke8 41. h6 f5+ 42. exf6 Bh8 43. Ke5 Kf7 44. b3 1-0

[Event "Jersey op"]
[Site "St Helier"]
[Date "2005.02.16"]
[Round "4"]
[White "Taylor Bowd, Philip J"]
[Black "Brustkern, Juergen"]
[Result "0-1"]
[WhiteElo "2058"]
[BlackElo "2251"]
[PlyCount "148"]
[EventDate "2005.02.13"]
[EventType "swiss"]
[EventRounds "7"]
[EventCountry "JCI"]
[SourceTitle "CBM 104 Extra"]
[Source "ChessBase"]
[SourceDate "2005.03.01"]
[SourceVersion "1"]
[SourceVersionDate "2005.03.01"]
[SourceQuality "1"]

1. e4 d5 2. exd5 Qxd5 3. Nc3 Qd6 4. d4 Nf6 5. Nge2 Bg4 6. f3 Bf5 7. Bf4 Qd8 8. Qd2 e6 9. a3 c6 10. g4 Bg6 11. 0-0-0 Nbd7 12. h4 h5 13. Bg5 Be7 14. Nf4 Nf8 15. Nxg6 Nxg6 16. Bd3 Nf8 17. Be2 Qa5 18. Be3 0-0-0 19. g5 Nd5 20. Nxd5 Qxd2+ 21. Bxd2 Rxd5 22. Bf4 Bd6 23. Bxd6 Rxd6 24. c3 Ng6 25. Bd3 Nf4 26. Bf1 Rhd8 27. Re1 Rd5 28. Re4 Rf5 29. Kc2 Ng6 30. Bg2 Kc7 31. Rh2 Rdd5 32. Rh1 e5 33. f4 Nxf4 34. Rf1 g6 35. Bh1 Ne6 36. Rxf5 gxf5 37. Rxe5 Rxe5 38. dxe5 Kd7 39. Bf3 Nf4 40. Kd2 Ke6 41. Ke3 Kxe5 42. c4 Ng6 43. Bxh5 Nxh4 44. Bxf7 f4+ 45. Kf2 Kf5 46. c5 Ng6 47. b4 Kxg5 48. Be6 Ne7 49. a4 Kf6 50. Bd7 Ke5 51. Kf3 Kd4 52. Kxf4 Nd5+ 53. Kf3 Nxb4 54. Bc8 b6 55. cxb6 axb6 56. Ke2 Kc3 57. Kd1 Kb3 58. a5 bxa5 59. Kc1 c5 60. Be6+ Kc3 61. Bd7 c4 62. Bb5 Nd3+ 63. Kb1 Kb3 64. Ka1 Nb4 65. Bd7 Kc2 66. Bb5 c3 67. Ba4+ Kd2 68. Bb3 c2 69. Bxc2 Nxc2+ 70. Ka2 Nd4 71. Ka3 Kc3 72. Ka2 Nc2 73. Kb1 Kb3 74. Kc1 a4 0-1

[Event "Jersey op"]
[Site "St Helier"]
[Date "2005.02.13"]
[Round "1"]
[White "Fraser, Mark Gordon"]
[Black "Taylor Bowd, Philip J"]
[Result "1-0"]
[WhiteElo "2168"]
[BlackElo "2058"]
[PlyCount "59"]
[EventDate "2005.02.13"]
[EventType "swiss"]
[EventRounds "7"]
[EventCountry "JCI"]
[SourceTitle "CBM 104 Extra"]
[Source "ChessBase"]
[SourceDate "2005.03.01"]
[SourceVersion "1"]
[SourceVersionDate "2005.03.01"]
[SourceQuality "1"]

1. d4 d5 2. Nf3 Nf6 3. c4 c6 4. e3 a6 5. b3 Bg4 6. Be2 e6 7. 0-0 Nbd7 8. Nbd2 Be7 9. Bb2 0-0 10. h3 Bh5 11. Ne5 Bxe2 12. Qxe2 Nxe5 13. dxe5 Nd7 14. e4 dxc4 15. Nxc4 Nb6 16. Rfd1 Qc7 17. Nxb6 Qxb6 18. Rd7 Bc5 19. Qf3 Rad8 20. Rad1 Rxd7 21. Rxd7 a5 22. a3 Qa7 23. a4 Qb6 24. Bc1 Bd4 25. Bg5 f6 26. Bxf6 Bxe5 27. Rxg7+ Kh8 28. Rg8+ Kxg8 29. Qg4+ Kf7 30. Qg7+ 1-0

[Event "Politiken Cup 26th"]
[Site "Copenhagen"]
[Date "2004.07.25"]
[Round "2"]
[White "Vuilleumier, Alexandre"]
[Black "Taylor Bowd, Philip J"]
[Result "1-0"]
[WhiteElo "2259"]
[BlackElo "2075"]
[PlyCount "111"]
[EventDate "2004.07.24"]
[EventType "swiss"]
[EventRounds "10"]
[EventCountry "DEN"]
[SourceTitle "CBM 101 Extra"]
[Source "ChessBase"]
[SourceDate "2004.09.01"]
[SourceVersion "2"]
[SourceVersionDate "2004.09.01"]
[SourceQuality "1"]

1. e4 c6 2. d4 d5 3. Nc3 dxe4 4. Nxe4 Bf5 5. Ng3 Bg6 6. h4 h6 7. Nf3 Nd7 8. h5 Bh7 9. Bd3 Bxd3 10. Qxd3 e6 11. Bf4 Qa5+ 12. Bd2 Qc7 13. 0-0-0 Ngf6 14. Ne4 0-0-0 15. g3 Nxe4 16. Qxe4 Bd6 17. Qe2 Rhe8 18. Rhe1 e5 19. dxe5 Nxe5 20. Nxe5 Rxe5 21. Qg4+ f5 22. Qg6 Qd7 23. Bc3 Rxe1 24. Rxe1 Be5 25. Rh1 Bxc3 26. bxc3 Qd5 27. Rh4 Qxa2 28. Qxf5+ Rd7 29. Rd4 Qf7 30. Qxf7 Rxf7 31. f4 Kc7 32. g4 b5 33. g5 a5 34. c4 hxg5 35. fxg5 Rf1+ 36. Kb2 Rh1 37. cxb5 Rxh5 38. Rc4 Rxg5 39. Rxc6+ Kb7 40. c4 Rg3 41. Ra6 Rg4 42. Kc3 Rg3+ 43. Kd2 Rg2+ 44. Ke3 Rg3+ 45. Kd4 Rg4+ 46. Kc5 Rg5+ 47. Kd6 Rg6+ 48. Kd7 Rg4 49. c5 Rd4+ 50. Rd6 Rxd6+ 51. Kxd6 Kc8 52. c6 a4 53. c7 a3 54. Kc6 a2 55. b6 a1Q 56. b7# 1-0